Countries that Beat Peru - Statistics

General Stats
  • This quiz has been taken 211 times
  • The average score is 7 of 15
Answer Stats
Rank Category Countries % Correct
4 Most populous starting with P Pakistan | Philippines | Poland
96%
4 Home to the oldest continuously inhabited city in the Americas Guatemala | Mexico | Ecuador
72%
6 Deepest canyon [8] Namibia | Montenegro | South Africa | United States | Mexico
67%
3 World's tallest waterfall [2] Venezuela | South Africa
65%
2 Largest country with four letters Iran
54%
2 Most bird species Colombia
51%
2 Most populous capital starting with L [1] United Kingdom
46%
10 Highest % of people live in the capital city [4] * among countries > 100,000 km2 Mongolia | Suriname | Uruguay | Iceland | Chile | Gabon | Rep. of the Congo | Oman | Eritrea
44%
2 Oldest national flag with only two colors Denmark
36%
6 Shortest people outside Asia [3] Madagascar | Guatemala | Marshall Islands | Malawi | Rwanda
34%
2 Largest zinc producer [5] China
29%
2 Largest copper producer [7] Chile
23%
2 Least populous country home to a"New7Wonders of the World" Jordan
22%
2 Largest silver producer [6] Mexico
22%
11 Oldest currently-serving female President Barbados | Ethiopia | Georgia | Singapore | Greece | Taiwan | India | Trinidad and Tobago |
Honduras | Tanzania | Nepal
21%
No matching quizzes found
Score Distribution
Percent of People with Each Score
Percentile by Number Answered
Your Score History
You have not taken this quiz